[Event "11th Tal Memorial Blitz 2018"]
[Site "Moscow"]
[Date "2018.03.05"]
[Round "7"]
[White "Karjakin, Sergey"]
[Black "Nakamura, Hikaru"]
[Result "1-0"]
[WhiteElo "2868"]
[BlackElo "2842"]
[Annotator "TA"]
[PlyCount "85"]
[EventDate "2018.??.??"]
[EventType "blitz"]
[EventCountry "RUS"]
[SourceTitle "playchess.com"]
[Source "ChessBase"]
[SourceQuality "1"]

{[%evp 10,85,20,0,60,44,59,22,31,29,25,21,30,0,32,0,25,20,27,25,56,39,55,55,44,32,44,40,41,46,37,36,44,43,51,36,75,38,87,77,91,96,85,66,88,56,107,90,135,137,143,149,244,236,241,241,244,230,241,231,283,269,318,318,350,363,350,313,334,340,414,443,1487,1496,1488,1413,29995,29986]} 1. e4 c5 2. Nf3 d6 3. d4 cxd4 4. Qxd4 Nc6 5. Bb5 Bd7 6. Qd3 {LiveBook: 226 Games. B53: Sicilian: 2...d6: Lines with Qxd4} Nb4 ({Black should try} 6... Nf6 $11) (6... g6 7. c4 Bg7 8. Nc3 Nf6 9. O-O O-O 10. h3 a6 11. Bxc6 Bxc6 12. Nd4 Nd7 13. Be3 Rc8 14. Rac1 Qa5 {1-0 (49) Karjakin,S (2760)-Amonatov,F (2636) Riadh 2017}) 7. Bxd7+ $14 Qxd7 8. Qe2 {White is slightly better.} g6 9. O-O Bg7 10. c3 $146 ({Predecessor:} 10. Rd1 Qc7 11. Qb5+ Nc6 12. Nc3 Bxc3 13. bxc3 Nf6 {½-½ (49) Ligart,T (2205)-Kassay,K (2016) Hungary 2014}) 10... Nc6 11. c4 Nf6 12. h3 O-O 13. Nc3 a6 14. Rd1 Qc7 15. Bd2 Rfc8 16. Rac1 Nd7 17. b3 Qd8 18. Nd5 e6 19. Nc3 {[%cal Bd5c3,Bc3a4,Ba4b6][%mdl 32]} Nde5 20. Be3 Nxf3+ 21. Qxf3 Qe7 22. Na4 {aiming for Nb6.} Rab8 23. Nb6 Rd8 24. Rd2 Re8 25. Rcd1 Rbd8 26. a3 Qc7 27. b4 {[%cal Bb3b4,Bb4a5][%mdl 32]} a5 (27... Bc3 $14) 28. bxa5 $16 Bc3 {[#]} 29. Nd5 $1 {[%cal Rd5c7][%mdl 512]} exd5 30. Bb6 Qc8 (30... Ne5 $16 31. Qxc3 (31. Bxc7 Nxf3+ 32. gxf3 Bxd2 $15) 31... Qxc4) 31. Qxc3 $18 d4 32. Bxd4 Nxd4 33. Rxd4 Qc7 34. f3 Re6 35. Qb4 Ra8 36. Rd5 ({Don't do} 36. Rxd6 Rxd6 37. Rxd6 Qxa5 $18) 36... h5 37. Rb5 ({Not} 37. Rxd6 Rxd6 38. Rxd6 Qxa5 $18) 37... Ra7 38. c5 dxc5 39. Rxc5 {[%cal Bb5c5,Bc5c7,Bc7a7][%mdl 32]} Qb8 40. Rd7 Re8 (40... Ra8 $142 41. Rcc7 Qa7+ 42. Kf1 Qa6+ 43. Kg1 Qa7+ 44. Kh1 Rf8) 41. Rcc7 Rf8 42. Qb3 {[%cal Rd7f7]} b6 43. Rxa7 {Precision: White = 71%, Black = 37%.} 1-0

[Event "11th Tal Memorial Blitz 2018"]
[Site "Moscow"]
[Date "2018.03.05"]
[Round "7"]
[White "Nepomniachtchi, Ian"]
[Black "Svidler, Peter"]
[Result "1-0"]
[WhiteElo "2768"]
[BlackElo "2793"]
[Annotator "TA"]
[PlyCount "43"]
[EventDate "2018.??.??"]
[EventType "blitz"]
[EventCountry "RUS"]
[SourceTitle "playchess.com"]
[Source "ChessBase"]
[SourceQuality "1"]

{[%evp 12,43,29,20,36,25,27,-18,0,0,3,0,0,0,0,0,101,98,161,155,123,125,278,288,282,280,436,363,357,362,323,322,304,314]} 1. e4 c5 2. Nf3 e6 3. d4 cxd4 4. Nxd4 Nc6 5. Nc3 d6 6. Be3 Nf6 7. Qf3 {LiveBook: 3 Games. B80: Sicilian Scheveningen: 6 g3 and 6 Be3, including English Attack} (7. Qd2 Be7 8. f3 O-O 9. O-O-O d5 10. Be2 a6 11. Kb1 Qc7 12. exd5 Nxd5 13. Nxd5 exd5 14. Nb3 Rd8 15. Bg5 d4 16. h4 Be6 17. Bd3 a5 18. Bxe7 Qxe7 {½-½ (34) Giri,A (2752)-Van Wely,L (2657) Amstelveen 2017}) 7... Bd7 8. O-O-O {aiming for Ndb5.} a6 9. h3 {White has an edge.} Ne5 $146 ({Predecessor:} 9... Be7 10. g4 h6 11. Be2 b5 12. a3 Rc8 13. h4 Nxd4 14. Bxd4 {0-1 (58) Manolaraki,Y (2073)-Grigoriadis,A (2363) Heraklio 2009}) 10. Qg3 Rc8 {White must now prevent ...Rxc3!} 11. f4 {[%cal Bf2f4,Bf4e5][%mdl 32]} Rxc3 12. fxe5 Nxe4 13. Qf3 {[#]} d5 {[#]} (13... Rxe3 $1 $11 {[%mdl 512]} 14. Qxe3 d5) 14. Bd3 $1 $36 {[%mdl 2048] Threatens to win with Rdf1. White is on the roll.} Be7 (14... Rc7 $16) 15. Rdf1 $18 {[%csl Gf1][%cal Rf3f7]} O-O 16. bxc3 Qa5 $2 (16... Nxc3 $16 17. Kd2 Qc7) 17. Bxe4 dxe4 18. Qxe4 Rc8 (18... Qxc3 {keeps fighting.} 19. Kd1 Bc5) 19. Bd2 Qxa2 {[%cal Ra2a1]} 20. Kd1 {[%cal Bc1d1,Bd1e2,Be2f2][%mdl 32]} Rc7 21. Ke2 Qc4+ 22. Kf2 1-0

[Event "11th Tal Memorial Blitz 2018"]
[Site "Moscow"]
[Date "2018.03.05"]
[Round "7"]
[White "Dubov, Daniil"]
[Black "Artemiev, Vladislav"]
[Result "1-0"]
[WhiteElo "2767"]
[BlackElo "2697"]
[Annotator "TA"]
[PlyCount "102"]
[EventDate "2018.??.??"]
[EventType "blitz"]
[EventCountry "RUS"]
[SourceTitle "playchess.com"]
[Source "ChessBase"]
[SourceQuality "1"]

{[%evp 17,102,29,28,23,25,16,28,29,21,12,34,32,28,-7,5,8,19,0,3,0,23,26,24,32,45,45,48,52,59,63,54,52,73,72,93,65,80,56,88,55,146,146,277,277,264,262,231,195,330,262,273,265,322,306,429,425,378,366,338,360,421,419,531,541,716,704,688,650,1027,985,1003,885,1834,1846,1700,1697,29936,12698,29958,29954,29953,29958,12835,12814,5110,756,2257]} 1. c4 e5 2. Nc3 Nf6 3. Nf3 Nc6 4. g3 g6 5. Bg2 Bg7 6. O-O O-O 7. d4 exd4 8. Nxd4 Re8 9. Nc2 d6 {LiveBook: 38 Games. A29: English Opening: Four Knights Variation with 4 g3} 10. Qd2 (10. Bd2 a6 11. Rc1 Ne5 12. b3 c6 13. Be3 Nfg4 14. Bd4 c5 15. Bxe5 Bxe5 16. Nd5 Rb8 17. h3 {0-1 (42) Anand,V (2775)-Adams,M (2710) London 2012}) 10... Bf5 11. Ne3 $146 ({Find the theoretical novelty and annotate with similar games:} 11. f3 Bxc2 12. Qxc2 d5 13. cxd5 Nxd5 14. Nxd5 Qxd5 {½-½ (41) Klibor,L-Hoen,R Grossenbrode 1972}) 11... Ne4 {The position is equal.} 12. Nxe4 Bxe4 13. f3 Bf5 14. Nxf5 gxf5 15. Qd3 Qe7 16. e3 Ne5 17. Qxf5 Nxc4 18. e4 Qe6 (18... Nxb2 {NOTEXT} 19. Rb1 Bd4+ 20. Kh1 Nd3 21. e5 Nf2+) 19. Qxe6 Rxe6 20. Rb1 d5 21. b3 Nb6 22. Rd1 Rae8 23. Bf4 dxe4 24. fxe4 Be5 25. Rbc1 c6 26. Be3 Bf6 27. Bf2 R6e7 28. a4 {[%cal Ba2a4,Ba4a5][%mdl 32]} Re5 (28... Nd7 $14) 29. Bd4 $16 R5e6 (29... Bg5 $16 {was necessary.}) 30. Bxf6 $18 Rxf6 31. a5 Nc8 32. Rd7 b6 (32... Nd6 {was worth a try.} 33. a6 bxa6) 33. e5 Rfe6 34. a6 ({Don't do} 34. Bxc6 $6 Ne7 $16) ({Much less strong is} 34. Rxc6 $6 Rxe5 35. Rcc7 bxa5 $16) 34... Rxe5 {If Black can now play ...c5 this consolidates a bit.} 35. Bxc6 Rf8 (35... Kg7 $142 36. Rc7 Rd8) 36. Bb7 Ne7 37. Bf3 Nc8 38. Kf2 Rfe8 39. Rcc7 Ra5 40. Bd5 Ne7 41. Rxe7 Rxe7 42. Rxe7 Rxd5 43. Rxa7 {[%mdl 4096] Endgame KR-KR} Kg7 44. Rb7 Rb5 45. a7 Ra5 46. Ke3 h5 47. h4 Ra3 48. Kd4 Kf6 49. b4 Kf5 50. Rxf7+ Ke6 51. Rb7 (51. Rh7 $142 Kf6 52. Kd5) 51... Kf5 {Precision: White = 80%, Black = 29%.} 1-0

[Event "11th Tal Memorial Blitz 2018"]
[Site "Moscow"]
[Date "2018.03.05"]
[Round "7"]
[White "Gelfand, Boris"]
[Black "Kramnik, Vladimir"]
[Result "1/2-1/2"]
[WhiteElo "2745"]
[BlackElo "2784"]
[Annotator "TA"]
[PlyCount "84"]
[EventDate "2018.??.??"]
[EventType "blitz"]
[EventCountry "RUS"]
[SourceTitle "playchess.com"]
[Source "ChessBase"]
[SourceQuality "1"]

{[%evp 20,84,13,14,4,0,19,0,0,0,47,-52,0,0,0,0,0,0,7,0,0,0,0,-4,-4,-13,-13,-13,-17,-15,-19,-33,-20,-22,-8,-8,-9,-49,-33,-53,-52,-45,-38,-44,-53,-50,-8,-37,-51,-74,-6,0,0,0,23,24,54,0,0,0,0,0,0,0,0,0,0]} 1. d4 Nf6 2. c4 e6 3. Nf3 b6 4. g3 Bb7 5. Bg2 Be7 6. O-O O-O 7. Nc3 Ne4 8. Bd2 d6 9. d5 Nxd2 10. Nxd2 e5 {E18: Queen's Indian: Old Main Line (4 g3 Bb7 5 Bg2 Be7 6 0-0 0-0 7 Nc3)} 11. b4 {LiveBook: 4 Games} a5 12. a3 (12. bxa5 Rxa5 13. Nb3 Ra8 14. a4 Bc8 15. a5 Na6 16. Nb5 f5 17. Ra3 f4 18. axb6 cxb6 19. Nd2 Bg4 20. Bf3 Bh3 21. Bg2 Bg4 22. Bf3 Bh3 23. Bg2 {½-½ (23) Tomashevsky,E (2711)-Rapport,R (2692) Sharjah 2017}) 12... Nd7 13. Nb3 f5 $146 ({Predecessor:} 13... Ba6 14. Qd3 f5 15. e4 f4 {1-0 (54) Benko,P-Pomar Salamanca,A Malaga 1973}) 14. c5 bxc5 15. bxc5 (15. Nxa5 $14 Qc8 16. e4) 15... a4 ({Don't go for} 15... dxc5 $2 16. d6 $18) (15... Nxc5 $2 16. Nxc5 dxc5 17. Qb3 $18) ({Black should play} 15... Ba6 $15) 16. c6 $11 axb3 17. cxb7 Rb8 {White must now prevent ...Nc5.} 18. Qxb3 Nc5 19. Qc2 Rxb7 20. Rfb1 Rxb1+ 21. Rxb1 Qa8 22. a4 e4 23. Nb5 Qxa4 24. Qxa4 Nxa4 25. Rc1 Rb8 26. Nxc7 Bf6 27. Rc6 Nc3 28. Bf1 {[#]} e3 $1 {[%mdl 512]} 29. fxe3 Be5 $1 30. Ne6 Nxd5 31. Kf2 Nf6 {aiming for ...Ng4+.} 32. Bh3 Ne4+ 33. Kg2 g6 34. g4 {[#]} fxg4 (34... g5 $1 $17 {And now ...h5! would win.} 35. gxf5 h5) 35. Bxg4 Kf7 36. Rc7+ Kf6 37. Rxh7 Rb3 38. Nf8 (38. Nc7 $14 g5 39. Nd5+ Kg6 40. Rc7) 38... Rxe3 {The position is equal.} 39. Nd7+ Kg5 40. Bf3 Nf6 41. h4+ Kf5 42. Nxf6 Kxf6 {Precision: White = 49%, Black = 69%.} 1/2-1/2

[Event "11th Tal Memorial Blitz 2018"]
[Site "Moscow"]
[Date "2018.03.05"]
[Round "7"]
[White "Fedoseev, Vladimir"]
[Black "Anand, Viswanathan"]
[Result "1-0"]
[WhiteElo "2724"]
[BlackElo "2801"]
[Annotator "TA"]
[PlyCount "157"]
[EventDate "2018.??.??"]
[EventType "blitz"]
[EventCountry "RUS"]
[SourceTitle "playchess.com"]
[Source "ChessBase"]
[SourceQuality "1"]

{[%evp 21,157,14,14,16,22,22,20,16,37,0,37,12,16,9,27,23,37,20,18,30,25,9,48,53,59,59,53,55,70,60,72,50,66,52,66,66,71,61,62,57,54,52,62,40,87,54,133,133,126,128,126,128,145,150,129,141,197,205,193,192,191,192,195,195,190,61,164,66,64,58,170,168,162,169,253,260,260,260,260,260,260,260,260,256,249,235,235,235,235,235,292,289,268,249,379,235,406,397,388,315,417,429,666,468,397,320,611,268,591,300,255,0,578,0,572,525,520,214,511,493,457,235,235,239,247,214,260,260,260,260,260,214,656,643,661,646,613,600]} 1. e4 e5 2. Nf3 Nc6 3. Bb5 Nf6 4. O-O Nxe4 5. Re1 Nd6 6. Nxe5 Be7 7. Bf1 O-O {C67: Ruy Lopez: Berlin Defence: 4 0-0 Nxe4} 8. d4 Nf5 9. c3 Nxe5 10. Rxe5 d6 11. Re1 d5 {LiveBook: 81 Games} 12. Nd2 Bd6 13. Nf3 c6 {[#]} 14. a4 $146 ({Predecessor:} 14. Bd3 Nh4 15. g3 Nxf3+ 16. Qxf3 {½-½ (45) Mamedov,R (2658)-Kramnik,V (2783) Shamkir 2015}) 14... a5 15. Qb3 Re8 16. Bg5 f6 {...Rxe1 is the strong threat.} 17. Bd2 Ne7 18. h3 Rb8 19. c4 $36 {[%mdl 2048] White has some pressure.} dxc4 20. Bxc4+ Kh8 21. Bd3 Bd7 22. Qf7 Rf8 23. Qh5 {[%csl Gd3][%cal Rh5h7]} g6 $1 {[%cal Rg6h5]} 24. Qxa5 Qxa5 25. Bxa5 Nd5 26. Bd2 Kg7 27. Bc4 Nc7 28. a5 Rfe8 29. Rxe8 Bxe8 30. Ne1 Bf7 31. b3 Rd8 32. Nc2 Bd5 33. Bc3 c5 ({Better is} 33... Kf7 $14) 34. Ne3 $16 Bxc4 35. bxc4 cxd4 36. Bxd4 Ne6 37. Bc3 Kf7 38. Rb1 Nc5 (38... Rd7 $16 39. Nd5 f5) 39. Nd5 $18 f5 40. Rb6 Rd7 41. Nf6 Rd8 42. Nxh7 Be7 43. Bf6 (43. Bb4 $1 $18) 43... Rd1+ $14 44. Kh2 Nd7 $1 {[%cal Rd7b6]} 45. Rxb7 {Threatens to win with Bxe7.} Nxf6 (45... Bxf6 $14 46. a6 (46. Nxf6 Kxf6 47. Rc7 Ke6 $11) 46... Be5+ 47. g3 Ke6) 46. Ng5+ $18 Ke8 47. a6 {[%mdl 1024] White has strong compensation.} Ra1 (47... Rd8 {might work better.}) 48. a7 Bd6+ 49. g3 Nd7 {[#]} 50. c5 $1 {[%cal Rc5d6][%mdl 512]} Bxc5 51. Rb8+ $1 Ke7 52. a8=Q Rxa8 53. Rxa8 Bxf2 {[%mdl 4096] Endgame KRN-KBN} 54. Ra6 Nf8 55. h4 Be3 56. Nf3 Kf7 57. Kg2 Nd7 (57... Kg8 {is a better defense.} 58. Ne5 Kg7) 58. Rd6 Nf8 $2 (58... Nf6 59. Ne5+ Kg7) 59. Ne5+ Kg7 60. Kf3 Bc5 61. Rc6 Ba3 (61... Be7 $142 62. Ke3 Bd8) 62. Kf4 Bb4 63. Nf3 Ba3 $2 (63... Kh6 64. Ne5 Kg7) 64. Ng5 (64. h5 $142 Bb4 65. Nh4 gxh5 66. Nxf5+ Kf7 67. Kg5) 64... Be7 $2 (64... Bb4 65. g4 Bd2+ 66. Kf3 Kh6 67. Nf7+ Kg7) 65. Rc7 Kf6 {Hoping for ...Bd6+.} 66. Rc6+ $2 (66. Ke3) 66... Kg7 67. Nf3 Ba3 $1 68. Nd4 Bb2 69. Nb5 (69. Nxf5+ $142 gxf5 70. Kxf5) 69... Kf7 $2 (69... Kh6 {keeps fighting.} 70. Nd6 Kh5) 70. Nd6+ Ke7 {[#] intending ...Ne6+.} 71. Nc4 (71. Nxf5+ $142 $1 gxf5 72. Kxf5) 71... Bd4 72. Kf3 Ne6 73. Ra6 Bc3 74. Ne3 {Strongly threatening Nd5+.} Bd4 75. Nd5+ Kf7 76. Kg2 Nc5 $2 (76... Bc5 77. Kh3 Bf2) 77. Ra7+ {White is clearly winning.} Ke6 78. Nf4+ Kf6 79. Rc7 {Precision: White = 66%, Black = 39%.} 1-0

[Event "11th Tal Memorial Blitz 2018"]
[Site "Moscow"]
[Date "2018.03.05"]
[Round "7"]
[White "Mamedyarov, Shakhriyar"]
[Black "Morozevich, Alexander"]
[Result "1/2-1/2"]
[WhiteElo "2714"]
[BlackElo "2665"]
[Annotator "TA"]
[PlyCount "118"]
[EventDate "2018.??.??"]
[EventType "blitz"]
[EventCountry "RUS"]
[SourceTitle "playchess.com"]
[Source "ChessBase"]
[SourceQuality "1"]

{[%evp 14,118,1,10,15,19,19,-5,35,27,62,55,56,53,66,68,62,55,83,61,173,176,161,82,87,51,51,56,51,37,47,35,35,46,37,28,39,27,16,22,15,0,22,12,16,15,25,0,0,0,0,0,0,8,39,1,24,18,22,0,0,4,114,120,195,131,120,70,70,78,70,70,157,149,174,166,190,182,241,240,240,240,234,227,220,164,191,70,164,79,79,79,79,0,0,0,0,0,0,0,0,0,0,0,0,0,0]} 1. d4 e6 2. c4 Nf6 3. Nc3 Bb4 4. Nf3 b6 5. Bd2 Bb7 6. g3 Bxc3 {E21: Nimzo-Indian: 4 Nf3} 7. Bxc3 Ne4 8. Rc1 {LiveBook: 8 Games} d5 $146 ({Predecessor:} 8... Nxc3 9. Rxc3 O-O 10. Bg2 Be4 11. O-O d6 12. Re3 Bb7 13. d5 {½-½ (104) Mamedyarov,S (2747)-Tomashevsky,E (2728) Huaian 2016}) 9. Bg2 O-O 10. O-O (10. Qa4 {seems wilder.} dxc4 11. Qxc4 Bd5 12. Qd3 Nd7 13. O-O) 10... Nxc3 11. Rxc3 dxc4 12. Rxc4 Bd5 13. Rc3 a5 14. Qc2 Na6 15. a3 $1 c5 16. Rd1 (16. dxc5 Nxc5 17. Nh4 Bxg2 $11) 16... cxd4 (16... Qe7 $14) 17. Nxd4 $18 {Black must now prevent e4.} (17. Rxd4 $6 Qe7 $16) 17... Bxg2 18. Kxg2 (18. Nxe6 $1 $18 Qe7 19. Nxf8) 18... Qe7 19. Qe4 Nc5 20. Qc6 Rab8 21. b4 axb4 22. axb4 Na6 $1 23. b5 Nc5 24. Qf3 {Threatens to win with Nc6.} Qf6 25. Qxf6 (25. Nc6 {feels hotter.} Ra8 26. Rc2 Rfe8 27. Qxf6 gxf6 28. Rd6) 25... gxf6 26. Nc6 Ra8 27. Rc4 f5 28. g4 fxg4 29. Rxg4+ Kh8 30. Kf3 Rg8 31. Rxg8+ Kxg8 $11 {[%mdl 4096] Endgame KRN-KRN} 32. Rd6 Ra3+ 33. e3 Nd3 34. Ke2 Nb2 35. Ne5 Na4 $1 36. Rd8+ Kg7 37. Rd7 Kf6 (37... Ra2+ $11 {keeps the balance.} 38. Kf3 Kf6) 38. f4 $1 $16 {[%csl Ge5][%cal Rd7f7]} ({But not} 38. Nxf7 $6 Ra2+ 39. Kf3 Nc5 $14) 38... Kf5 {[#]} (38... Kg7 $16 {was necessary.} 39. Rxf7+ Kg8) 39. Kf3 ({Don't do} 39. Rxf7+ $6 Ke4 $16) (39. Nc4 $1 $18 {[%cal Rc4a3]} Nc5 40. Rxf7+ (40. Nxa3 Nxd7 41. Kf3 Kg6 $11) 40... Kg6 41. Rc7 (41. Nxa3 Kxf7 42. Nc4 Nd7 $16)) 39... f6 40. Nc4 Rb3 41. Rxh7 Kg6 42. Re7 Rxb5 (42... Nc5 $14) 43. Rxe6 Rh5 44. Kg3 b5 {[#]} 45. Nd6 $1 b4 (45... Nc5 $142 46. Re7 Rd5) 46. f5+ Kg7 47. h4 b3 48. Re7+ Kf8 49. Re8+ Kg7 50. e4 ({White should try} 50. Kg4 $18 Rh7 51. Rb8) 50... b2 (50... Nc5 $1 $14) 51. Rb8 (51. Re7+ $18 {is more deadly.} Kf8 52. Rf7+ Kg8 53. Rb7) 51... Rh8 52. Rb7+ Kf8 53. Nc4 ({White should play} 53. Kh3 $16) 53... Rg8+ $11 {The position is equal.} 54. Kh3 Rg1 $1 55. Nxb2 Rb1 56. Rb4 Nxb2 57. Rb7 Rh1+ 58. Kg2 Rxh4 {And now ...Nc4 would win.} 59. Rxb2 Rxe4 {Precision: White = 52%, Black = 50%.} 1/2-1/2

[Event "11th Tal Memorial Blitz 2018"]
[Site "Moscow"]
[Date "2018.03.05"]
[Round "7"]
[White "Andreikin, Dmitry"]
[Black "Grischuk, Alexander"]
[Result "1/2-1/2"]
[WhiteElo "2712"]
[BlackElo "2846"]
[Annotator "TA"]
[PlyCount "96"]
[EventDate "2018.??.??"]
[EventType "blitz"]
[EventCountry "RUS"]
[SourceTitle "playchess.com"]
[Source "ChessBase"]
[SourceQuality "1"]

{[%evp 16,96,-2,-14,-2,-7,-3,-13,-9,-28,-18,-39,-22,-43,-38,-64,0,-12,0,0,-4,-18,54,0,18,13,20,0,134,140,143,150,153,135,216,149,291,300,330,352,350,366,449,449,523,449,449,449,621,615,587,503,629,508,485,365,1089,0,984,466,457,457,29997,0,0,0,0,0,0,0,0,0,0,0,0,0,0,0,0,0,0,0,0]} 1. Nf3 c5 2. b3 d6 3. Bb2 e5 4. c4 Nc6 5. g3 g6 6. Bg2 {A04: Unusual lines after 1 Nf3 and King's Indian Attack} Bg7 7. O-O Nge7 8. d3 O-O 9. Nc3 {LiveBook: 54 Games} Bf5 10. a3 $146 ({Predecessor:} 10. Qd2 Rb8 11. Ne1 Be6 12. Nc2 d5 13. cxd5 Nxd5 14. Ne3 Nxc3 15. Bxc3 {½-½ (35) Benidze,D (2469)-Salgado Lopez,I (2615) Kocaeli 2015}) 10... Qd7 11. Re1 Bh3 12. Bh1 h6 13. b4 cxb4 14. axb4 Nxb4 15. Ba3 Nec6 (15... a5 $15 16. Qb3 Nec6) 16. Nd2 $11 a5 17. Nd5 Nxd5 18. Bxd5 Rab8 (18... Ra6 $11) 19. Qa4 (19. Ne4 $14) 19... b5 20. cxb5 Nd4 21. Bc6 Qg4 (21... Qe6 $11 {keeps the balance.}) 22. Bxd6 $16 Nxe2+ 23. Kh1 Nd4 24. Bxf8 ({But not} 24. Qxa5 $6 Nxc6 25. bxc6 Rb2 $11) 24... Rxf8 (24... Bxf8 $16 {was worth a try.} 25. Rxe5 (25. Qxa5 Qf5 $16) 25... Nxc6 26. Qxg4 Bxg4 27. bxc6 Bg7 28. Rexa5 Bxa1 29. Rxa1 Kf8) 25. Qxa5 Nxc6 (25... Nc2 $16) 26. bxc6 $18 Qf5 27. Kg1 Qxd3 28. Rac1 e4 29. Re3 Qd4 30. Nxe4 Qb2 31. Qd2 Qb6 32. c7 Rc8 33. Qd6 Qb2 34. Rce1 {Threatens to win with Qd8+.} Be5 35. Qe7 Bd4 $2 (35... Rxc7 36. Nf6+ Bxf6 37. Qxc7 Kg7) 36. Nd6 $2 (36. Rf3 $18 Rf8 37. Rd3) 36... Rf8 $2 {[%mdl 8192]} (36... Bxe3 $11 37. Qxf7+ (37. Qxe3 Rxc7 38. Ne8 Qb7 $11) 37... Kh8) 37. c8=Q (37. Rf3 $142 {Qxf8+! would kill now.} Qa2 38. Nxf7 $1 {[%mdl 512]} Bxf2+ 39. Rxf2 Qxf2+ 40. Kxf2 Rxf7+ 41. Qxf7+ Kxf7 42. Ra1) 37... Bxc8 38. Rf3 {White threatens Qxf8+! and mate.} Bc5 {[#]} (38... Bf5 $18 39. Nxf5 gxf5 40. Rxf5 Qd2) 39. Rxf7 $2 (39. Qxf8+ $1 {[%mdl 512] mates} Kxf8 40. Rxf7+ Kg8 41. Re8#) 39... Bxf2+ $11 {The position is equal.} 40. Kh1 {[%csl Ge7][%cal Rf7f8]} Bb7+ $1 41. Qxb7 Qxb7+ 42. Rxb7 Bxe1 {[%mdl 4096] Endgame KRB-KRN} 43. Ne4 Rf7 44. Rb6 Kg7 45. Re6 {Nd6 is the strong threat.} Bb4 46. Kg2 Re7 47. Rxe7+ Bxe7 48. Kf3 Kf7 {Precision: White = 48%, Black = 41%.} 1/2-1/2

[Event "11th Tal Memorial Blitz 2018"]
[Site "Moscow"]
[Date "2018.03.05"]
[Round "8"]
[White "Karjakin, Sergey"]
[Black "Nepomniachtchi, Ian"]
[Result "1-0"]
[WhiteElo "2868"]
[BlackElo "2768"]
[Annotator "TA"]
[PlyCount "99"]
[EventDate "2018.??.??"]
[EventType "blitz"]
[EventCountry "RUS"]
[SourceTitle "playchess.com"]
[Source "ChessBase"]
[SourceQuality "1"]

{[%evp 11,99,19,37,29,26,9,6,11,15,17,14,0,0,14,0,-7,66,65,70,70,79,82,76,21,61,49,64,42,73,65,74,63,81,64,67,60,75,75,75,75,110,97,89,61,108,100,81,104,125,101,150,170,159,151,205,206,211,216,301,285,268,286,443,454,393,394,383,382,375,375,497,476,1052,1133,926,881,29969,29971,29975,29976,29976,29977,29976,29976,29975,29974,29978,29979,29988,29987]} 1. e4 c5 2. Nf3 d6 3. d4 cxd4 4. Qxd4 a6 5. c4 Nc6 6. Qe3 Bg4 {LiveBook: 26 Games. B53: Sicilian: 2...d6: Lines with Qxd4} (6... g6 7. Be2 Bg7 8. h3 Nf6 9. O-O O-O 10. Nc3 Be6 11. Bd2 Nd7 12. Rac1 Nde5 13. b3 Nxf3+ 14. Bxf3 {1-0 (66) Karjakin,S (2760)-Korobov,A (2652) Riadh 2017}) 7. Nd4 g6 8. Nc3 $146 ({Find the theoretical novelty and annotate with similar games:} 8. Nxc6 bxc6 9. f3 Be6 10. Qd4 Nf6 11. Be3 Bg7 12. Nc3 O-O 13. Qd2 Nd7 14. Be2 {½-½ (59) Skoberne,J (2492)-Esen,B (2488) Novi Sad 2009}) 8... Bg7 {The position is equal.} 9. Nxc6 bxc6 10. h3 Be6 11. Be2 Nf6 12. O-O O-O 13. f4 Qa5 (13... Rb8 $11) 14. Bd2 $14 Rfb8 15. b3 Qb6 16. Qxb6 Rxb6 17. c5 ({White should try} 17. Rae1 $16) 17... Rbb8 18. cxd6 exd6 19. Rac1 Re8 20. Bf3 Rac8 21. Rfd1 d5 {[#]} 22. e5 $1 {[%cal Re5f6]} Nd7 23. Be2 Ra8 24. Na4 Rec8 25. g4 f6 26. exf6 Bxf6 27. Be3 h5 28. Rc2 ({Don't do} 28. gxh5 Bxh3 29. Bd4 (29. hxg6 Re8 $17) 29... Bxd4+ 30. Rxd4 gxh5 $11) 28... hxg4 29. hxg4 Bg7 30. Rdc1 d4 31. Rxc6 Rxc6 32. Rxc6 Bxb3 (32... Bd5 $16 33. Rd6 dxe3 34. Rxd5 Nf6) 33. axb3 $18 dxe3 34. Rxg6 Nf6 35. g5 Ne4 {intending ...Rf8.} 36. Kg2 Nd2 (36... Re8 $142 37. b4 (37. Bxa6 Nd2 $16) (37. Rxa6 Rf8 $16) 37... Rb8) 37. Nc5 Kf7 38. Rxa6 Rxa6 39. Nxa6 {[%mdl 4096] Endgame KBN-KBN} ({Less strong is} 39. Bxa6 Ke7 $18) 39... Bf8 {If Black can now play ...Bd6 this consolidates a bit.} 40. b4 Ke6 41. Kg3 Bd6 (41... Kd5 $142 42. b5 Kd6) 42. Nc5+ Kd5 43. Kg4 Bxc5 44. bxc5 {KB-KN. White mates.} Ne4 45. Kf3 Nxc5 46. Kxe3 Ne6 47. Bf3+ Kd6 48. Ke4 Ke7 49. Ke5 Nd8 50. Bd5 {Precision: White = 81%, Black = 39%.} 1-0